000 01137nam0a22002531 4500
001 rc\2831719
005 20250529201542.0
035 _a(NLR Aleph) 006989657
090 _a5614070
_c5614070
100 _a20110626f19301931|||y0rusy50 ca
101 0 _arus
102 _aRU
105 _ay j |||||
200 1 _aˆ[‰Проект программы учебника физики для сельскохозяйственных вузов]
210 _a[Владикавказ]
_cБ. и.
_dБ. г.
_gтипо-фото-цинкогр. изд-ва "Растдзинад"
215 _a19 с.
_d16х11 см
300 _aБез тит. л., обл. и загл.
300 _aНа 1-й с. текста обращение: "Уважаемый товарищ! Ассистент по кафедре физики и метеорологии Г.С.Х.И. им. т. Ч. Ильинов М.И. работает над составлением такого учебника физики..."
700 1 _aИльинов
_bМ.И.
801 0 _aRU
_bNLR
_gpsbo
801 1 _aRU
_bELAR
_2rusmarc
852 _aNLR
_j31-8/3757
942 _cBOOK
980 _aNB